Piłka nożna dwaj piłkarze - wspólny klub #8 - Statystyki

Ogólne statystyki
  • Ten quiz został rozwiązany 72 razy
  • Średni wynik to 8 z 15
Statystyki odpowiedzi
zawodnicy klub % Poprawnych
Claude Makelele i Joe Cole Chelsea FC
85%
Mario Gomez i Mark van Bommel Bayern Monachium
68%
Ciro Immobile i David Trezeguet Juventus FC
68%
Maxwell i Gerard Deulofeu FC Barcelona
64%
David Raum i Lois Openda RB Leipzig
62%
Kazimierz Deyna i Dragoslav Stepanović Manchester City
61%
Robbie Keane i Andrea Pirlo Inter Mediolan
56%
Ante Rebić i Asmir Begović AC Milan
53%
Kingsley Coman i Joao Felix Al-Nassr
52%
Robin van Persie i Orkun Kokcu Feyenoord Rotterdam
50%
Thorgan Hazard i Jan Vertonghen RSC Anderlecht
50%
David Seaman i Kolo Toure Arsenal FC
44%
Antonee Robinson i Tom Cairney Fulham FC
41%
Gabri Veiga i Luuk de Jong FC Porto
35%
Nuri Sahin i Suso Liverpool FC
23%
Nie znaleziono quizów pasujących do podanych kryteriów
Rozkład punktacji
Procent ludzi z każdym wynikiem
Percentyl według liczby udzielonych odpowiedzi
Twoja historia wyników
Nie rozwiązałeś tego quizu